00242nam a2200109Ia 4500100001300000650001500013654002700028245004000055260001700095300000800112546001200120 aD.G.E.T  aCarpentery aguide fitter 1st year aInstructors Guide Fitter 1st Year bCIMIaMadras a110 aENGLISH